Central Library OPAC University of Rajshahi

চতুরঙ্গ / (Record no. 41057)

MARC details
000 -LEADER
fixed length control field 01026nam a2200253 a 4500
001 - CONTROL NUMBER
control field 41057
003 - CONTROL NUMBER IDENTIFIER
rucl marc code BD-RjUL
005 - DATE AND TIME OF LATEST TRANSACTION
control field 20211209053324.0
008 - FIXED-LENGTH DATA ELEMENTS--GENERAL INFORMATION
fixed length control field 160514m20052002ii ||||| |||| 00| f ben d
020 ## - INTERNATIONAL STANDARD BOOK NUMBER
Terms of availability : IRs. 60.00
035 ## - SYSTEM CONTROL NUMBER
System control number (BD-RjUL)41173
040 ## - CATALOGING SOURCE
Original cataloging agency BD-RjUL
Language of cataloging ben
Transcribing agency BD-RjUL
Modifying agency BD-RjUL
041 ## - LANGUAGE CODE
Language code of text/sound track or separate title ben
082 ## - DEWEY DECIMAL CLASSIFICATION NUMBER
Edition number 23
Classification number 891.443
Author mark and year THC 2005
100 ## - MAIN ENTRY--PERSONAL NAME
Personal name ঠাকুর, রবীন্দ্রনাথ
9 (RLIN) 126337
245 10 - TITLE STATEMENT
Title চতুরঙ্গ /
Statement of responsibility, etc. রবীন্দ্রনাথ ঠাকুর ; জয়ন্ত বন্দ্যোপাধ্যায় সম্পাদিত
250 ## - EDITION STATEMENT
Edition statement ২য় সং.
260 ## - PUBLICATION, DISTRIBUTION, ETC. (IMPRINT)
Place of publication, distribution, etc. কলকাতা :
Name of publisher, distributor, etc. সাহিত্য প্রকাশ,
Date of publication, distribution, etc. ২০০৫
300 ## - PHYSICAL DESCRIPTION
Pagination ১৪৪ পৃ. ;
Size ২২ সেমি.
650 ## - SUBJECT ADDED ENTRY--TOPICAL TERM
Topical term or geographic name as entry element বাংলা উপন্যাস
9 (RLIN) 126338
Topical term or geographic name as entry element Bengali Fiction
9 (RLIN) 126339
700 ## - ADDED ENTRY--PERSONAL NAME
Personal name বন্দ্যোপাধ্যায়, জয়ন্ত, সম্পাদক
942 ## - ADDED ENTRY ELEMENTS (KOHA)
Source of classification or shelving scheme Dewey Decimal Classification
Koha item type Books
Holdings
Lost status Source of classification or shelving scheme Damaged status Not for loan Collection code Permanent Location Current Location Shelving location Date acquired Source of acquisition Cost, normal purchase price Total Checkouts Total Renewals Full call number Date last seen Date checked out Copy number Koha item type
  Dewey Decimal Classification     Fiction Central Library, University of Rajshahi Central Library, University of Rajshahi   28/05/2007 Paragogn Enterprise, Dhaka 60.00 8 1 B 891.443 THC 2005 20/05/2025 06/05/2025 C-2 Books
  Dewey Decimal Classification   Not For Loan Fiction Central Library, University of Rajshahi Central Library, University of Rajshahi Reading Room 28/05/2007 Dhaka, Paragon Enterprises Ltd 60.00     B 891.443 THC 2005 06/01/2021   C-1 Books